00485nam a2200169Ia 4500003000900000008004100009040001600050080001600066100001800082245008400100260003300184300001600217650001400233650004100247650001500288650001200303IN-BaIIA211028s9999 xx 000 0 eng d cIIA Library a523.68bKRI aKrinov, E. L. 0aGiant meteoritescE. L. Krinov  aOxfordbPergamon Pressc1966 axxii, 397p. aAsteroids aAstronomy and astrophysics thesaurus aMeteorites aMeteors